| 000 | 00699nam a2200217 a 4500 | ||
|---|---|---|---|
| 001 | 000042940 | ||
| 005 | 20201002040520.0 | ||
| 008 | 140213s1985 sp 000 0 spa d | ||
| 020 | _a198472233464 | ||
| 040 |
_aDO-SdBNP _bspa _cBNPHU |
||
| 100 | 1 |
_aGarcía Cervera, Vicente _970430 |
|
| 245 | 1 | 4 |
_aLas cartas de Saguia-el-Hamra Tánger / _cVicente García Cervera. |
| 260 |
_aBarcelona, : _bTusquets, _c1985. |
||
| 300 |
_a159 p. ; _c20 cm. |
||
| 490 | 1 |
_aLa sonrisa vertical _v43 |
|
| 490 | 1 | _aErótica | |
| 500 | _aIncluye datos biografícos del autor en la solapa de la portada | ||
| 586 | _aLa sonrisa vertical VII | ||
| 830 | 0 |
_aLa sonrisa vertical _v43 _919576 |
|
| 830 | 0 |
_aErótica _970431 |
|
| 999 |
_c42429 _d42429 |
||